Types of Bears - Statistics

General Stats
  • This quiz has been taken 143,075 times
    143,051 since last reset
  • The average score is 6 of 8
Answer Stats
Habitat Bear % Correct
North America, Europe, Asia Brown (Grizzly) Bear
99%
Arctic Polar Bear
99%
North America American Black Bear
95%
Southern Asia Asiatic Black Bear
95%
China Giant Panda
90%
Asia Sun Bear
36%
Asia Sloth Bear
22%
South America Spectacled Bear
19%
No matching quizzes found
Score Distribution
Percent of People with Each Score
Percentile by Number Answered
Your Score History
You have not taken this quiz since the last reset